Manual de costrucciones agropecuarias / Doris Liliana Osorio Díaz (Registro nro. 11482)
[ vista simple ]
| 000 -LEADER | |
|---|---|
| fixed length control field | 00503nam a22001811a 4500 |
| 001 - CONTROL NUMBER | |
| control field | 11482 |
| 003 - CONTROL NUMBER IDENTIFIER | |
| control field | OSt |
| 005 - DATE AND TIME OF LATEST TRANSACTION | |
| control field | 20260204212244.0 |
| 008 - FIXED-LENGTH DATA ELEMENTS--GENERAL INFORMATION | |
| fixed length control field | 121116s2005||||ck ||||||b||||||||||spa|| |
| 050 ## - LIBRARY OF CONGRESS CALL NUMBER | |
| Classification number | 636.01 O8m |
| 100 ## - ASIENTO PRINCIPAL -- NOMBRE PERSONAL | |
| Personal name | Osorio Díaz, Doris Liliana |
| 245 ## - TÍTULO PROPIAMENTE DICHO: SUBTÍTULO | |
| Title | Manual de costrucciones agropecuarias / Doris Liliana Osorio Díaz |
| 264 ## - PRODUCTION, PUBLICATION, DISTRIBUTION, MANUFACTURE, AND COPYRIGHT NOTICE | |
| Place of production, publication, distribution, manufacture | Colombia: Latino |
| 300 ## - PHYSICAL DESCRIPTION | |
| Extensión | 63 p |
| 490 ## - MENCIÓN DE SERIE | |
| Series statement | Colección, volvemos al campo |
| 650 ## - ASIENTO SECUNDARIO DE MATERIA -- TERMINO TEMÁTICO | |
| Termino Temático Como Elemento de Entrada | Ranchos y hacienda - ConstruccionesÌ |
| 942 ## - ADDED ENTRY ELEMENTS (KOHA) | |
| Source of classification or shelving scheme | Dewey Decimal Classification |
| Koha item type | Libros |
| Withdrawn status | Lost status | Source of classification or shelving scheme | Damaged status | Not for loan | Current library | Date acquired | Total Checkouts | Full call number | Barcode | Date last seen | Price effective from | Koha item type |
|---|---|---|---|---|---|---|---|---|---|---|---|---|
| Dewey Decimal Classification | Biblioteca UTECO | 09/09/2019 | 636.01 O8M | 016036 | 09/09/2019 | 09/09/2019 | Libros | |||||
| Dewey Decimal Classification | Biblioteca UTECO | 09/09/2019 | 636.01 O8M | 016037 | 09/09/2019 | 09/09/2019 | Libros | |||||
| Dewey Decimal Classification | Descartado para donación | Biblioteca UTECO | 09/09/2019 | 636.01 O8M | 016038 | 09/09/2019 | 09/09/2019 | Libros |
